Normal view MARC view
  • Revista Educaçao e Filosofia

Entry TÍTULO UNIFORME

Number of records used in: 1

001 - NUMERO DE CONTROL DEL REGISTRO

  • Campo de control: 209162

003 - IDENTIFICADOR DEL NUMERO DE CONTROL

  • Campo de control: ES-SlBCS

005 - FECHA Y HORA DE LA ULTIMA TRANSACCION

  • Campo de control: 20210327225204.0

008 - ELEMENTOS DE LONGITUD FIJA

  • Campo de control de longitud fija: 210327|| aca||aabn | a|a d

040 ## - FUENTE DE LA CATALOGACION

  • Agencia que crea de manera original el registro: ES-SlBCS
  • Agencia que realiza la transcripción: ES-SlBCS

130 ## - ENCABEZAMIENTO - TITULO UNIFORME

  • Título uniforme: Revista Educaçao e Filosofia

670 ## - FUENTE EN LA QUE SE LOCALIZARON DATOS

  • Cita de la fuente: Work cat.: (ES-SlBCS)601480: Loureiro, Maria Dulcinea da Silva 209161, Os editoriais da revista Educaçao & Filosofia da Universidade Federal de Uberlândia: uma primeira analise

Bibliotecas Dominicos Provincia Hispania, 2016

Con tecnología Koha